Statistics for Regions of the Philippines with map

Click here to take the quiz!

General Stats

  • This quiz has been taken 33 times
    (31 since last reset)
  • The average score is 11 of 17

Answers on the Map

Answers color-coded by a green-red scale on the quiz's map according to % correct below.
 

Answer Stats

Regions% Correct
Davao (XI)
87%
CALABARZON (IV‑A)
83%
Central Visayas (VII)
78%
Cordillera Administrative Region (CAR)
78%
Eastern Visayas (VIII)
78%
Ilocos (I)
78%
Western Visayas (VI)
78%
Bicol (V)
74%
Central Luzon (III)
74%
National Capital Region/Metro Manila (NCR)
74%
MIMAROPA
74%
Cagayan Valley (II)
61%
SOCCSKSARGEN (XII)
52%
Northern Mindanao (X)
48%
Bangsamoro Autonomous Region in Muslim Mindanao (BARMM)
43%
Caraga Administrative Region (XIII)
43%
Zamboanga Peninsula (IX)
39%

Score Distribution

Percentile by Number Answered

Percent of People with Each Score

Your Score History

You have not taken this quiz since the last reset